טוען...
S.Chand's objective chemistry
| מחבר ראשי: | |
|---|---|
| פורמט: | Printed Book |
| יצא לאור: |
New Delhi
S.Chand
1998
|
| מהדורה: | 1st ed. |
| נושאים: |
| LEADER | 00485cam a2200169ua 4500 | ||
|---|---|---|---|
| 020 | |a 81-219-1657-7 | ||
| 082 | |a 540.77 |b KAU/S | ||
| 100 | |a Kaur,H | ||
| 245 | 0 | 0 | |a S.Chand's objective chemistry |
| 250 | |a 1st ed. | ||
| 260 | |a New Delhi |b S.Chand |c 1998 | ||
| 300 | |a xvii, 464, 382, 241, 65p.. | ||
| 650 | 0 | |a Chemistry-Examinations | |
| 700 | 0 | 2 | |a |
| 942 | |c CC | ||
| 999 | |c 8753 |d 8753 | ||
| 952 | |0 0 |1 0 |4 0 |6 540_770000000000000_KAUS |7 0 |9 9131 |a KUCL |d 2014-05-23 |l 0 |o 540.77 KAU/S |p 02074 |r 2017-03-09 |y CC | ||